zpět

Detail výsledku týmu

Cabaret café bar, Olomouc

Datum a čas kvízu

13 Celkem bodů Celkový počet nahraných bodů na tomto kvízu bez doplňovacích otázek.
6. Pořadí na kvízu Konečné umístění týmu na tomto kvízu.

Zaznamenané odpovědi

# Otázka Odpověď Body Výsledky
1. Sociální demokraté si novým šé... 0
2. Obyvatelé Moskvy přišli na způ... 0
3. Novou soškou lva inspirovanou... 0
4. Německá vláda hodlá výrazně ro... 0
5. Jistý muž překvapil roztleská... 1
6. Která slavná americká kapela n... 0
7. Z kolika hvězd se skládá Orion... 0
8. Který z těchto výrobků nepatří... 0
9. Orion je kosmická loď vyvíjená... 0
10. Odrůda jablek Orion byla vyšle... 0.5